বাংলাদেশ জেলা গেজেটীয়ার: সিলেট / (Record no. 34486)

MARC details
000 -LEADER
fixed length control field 01218nam a22002177a 4500
003 - CONTROL NUMBER IDENTIFIER
control field BDDh-ASL
005 - DATE AND TIME OF LATEST TRANSACTION
control field 20231205125826.0
008 - FIXED-LENGTH DATA ELEMENTS--GENERAL INFORMATION
fixed length control field 211101s2017 b ||||| |||| 00| 0 b d
040 ## - CATALOGING SOURCE
Transcribing agency BDDh-ASL
041 ## - LANGUAGE CODE
Language code of text/sound track or separate title ben
082 ## - DEWEY DECIMAL CLASSIFICATION NUMBER
Classification number 910.35492
Item number BAN
245 00 - TITLE STATEMENT
Title বাংলাদেশ জেলা গেজেটীয়ার: সিলেট /
246 ## - VARYING FORM OF TITLE
Title proper/short title Bangladesh District Gazetteer: Sylhet
260 ## - PUBLICATION, DISTRIBUTION, ETC.
Place of publication, distribution, etc. ঢাকা:
Name of publisher, distributor, etc. পরিসংখ্যান ও তথ্য ব্যবস্থাপনা বিভাগ, পরিকল্পনা মন্ত্রণালয়, গণপ্রজাতন্ত্রী বাংলাদেশ সরকার,
Date of publication, distribution, etc. ২০১৭।
300 ## - PHYSICAL DESCRIPTION
Extent ৬৫৯ পৃষ্ঠা, :
Other physical details ছবি ও ম্যাপ;
Dimensions ২৪ সে. মি.
504 ## - BIBLIOGRAPHY, ETC. NOTE
Bibliography, etc. note গ্রন্থপঞ্জি ও নিঘন্ট সংযুক্ত ।
650 #0 - SUBJECT ADDED ENTRY--TOPICAL TERM
9 (RLIN) 5558
Topical term or geographic name entry element District Gazetteer (জেলা গেজেটীয়ার)
651 #0 - SUBJECT ADDED ENTRY--GEOGRAPHIC NAME
Geographic name Sylhet (সিলেট, শ্রীহট্ট)
Geographic subdivision Bangladesh (বাংলাদেশ)
9 (RLIN) 3070
700 1# - ADDED ENTRY--PERSONAL NAME
Personal name চৌধুরী, কামাল আবদুল নাসের
Titles and other words associated with a name ড.
9 (RLIN) 6279
942 ## - ADDED ENTRY ELEMENTS (KOHA)
Source of classification or shelving scheme Dewey Decimal Classification
Koha item type Books
Holdings
Withdrawn status Lost status Source of classification or shelving scheme Damaged status Not for loan Collection code Home library Current library Shelving location Date acquired Source of acquisition Total Checkouts Full call number Barcode Date last seen Copy number Price effective from Koha item type Public note
    Dewey Decimal Classification     Non-fiction Asiatic Society Library Asiatic Society Library General Stacks 12/05/2023 Complimentary 2023   910.35492 BAN 125320 12/05/2023 C-1 12/05/2023 Books Y-2017

Powered by Koha